000
00197 a2200097 4500
020
_a
8482800000
041
_a
spa
100
_a
Gabriel Garcia Marquez
245
_a
Cien aǫs de soledad
942
_c
K
999
_c
26165
_d
26165